[Event "Peterhof op"]
[Site "Peterhof"]
[Date "2010.01.06"]
[Round "5"]
[White "Pischikov, Vadim"]
[Black "Belov, Vadim G"]
[Result "0-1"]
[WhiteElo "1997"]
[BlackElo "2313"]
[PlyCount "88"]
[EventDate "2010.01.03"]
[EventType "swiss"]
[EventRounds "9"]
[EventCountry "RUS"]
[SourceTitle "CBM 134 Extra"]
[Source "ChessBase"]
[SourceDate "2010.03.03"]
[SourceVersion "1"]
[SourceVersionDate "2010.03.03"]
[SourceQuality "1"]

1. d4 Nf6 2. Bg5 g6 3. Bxf6 exf6 4. e3 Bg7 5. Bd3 0-0 6. Ne2 d6 7. 0-0 Nd7 8. c3 f5 9. Nd2 Nf6 10. Qc2 Re8 11. Rae1 h5 12. b4 Bh6 13. c4 Ng4 14. Nf4 Bd7 15. h3 Nf6 16. Ne2 d5 17. Nc3 c6 18. cxd5 cxd5 19. Qb3 Be6 20. Rc1 Ne4 21. Ndxe4 fxe4 22. Be2 f5 23. Nb5 Re7 24. Rc5 a6 25. Nc3 Kg7 26. Rc1 Rd7 27. b5 a5 28. b6 f4 29. exf4 Bxf4 30. Rc2 e3 31. Nd1 Bf5 32. Bd3 Bd6 33. Bxf5 gxf5 34. Nxe3 Bxc5 35. Rxc5 Rc8 36. Rxa5 Qg5 37. Nxd5 Qd2 38. Ra3 h4 39. g3 Qe1+ 40. Kg2 Qe4+ 41. Kh2 Qxd5 42. Qe3 Rc6 43. Qg5+ Rg6 44. Qxh4 Qxd4 0-1

[Event "EU-chT Seniors 03rd"]
[Site "Dresden"]
[Date "2001.02.28"]
[Round "3.4"]
[White "Koller, Karl"]
[Black "Belov, Vadim G"]
[Result "1/2-1/2"]
[WhiteElo "1804"]
[BlackElo "2308"]
[PlyCount "107"]
[EventDate "2001.02.26"]
[EventType "team-swiss"]
[EventRounds "7"]
[EventCountry "GER"]
[SourceTitle "EXT 2005"]
[Source "ChessBase"]
[SourceDate "2004.11.15"]
[SourceVersion "1"]
[SourceVersionDate "2004.11.15"]
[SourceQuality "1"]

1. e4 c5 2. Nf3 e6 3. d4 cxd4 4. Nxd4 Nf6 5. Nc3 Bb4 6. Bd3 e5 7. Nde2 0-0 8. 0-0 Nc6 9. a3 Bc5 10. h3 h6 11. Kh1 a6 12. f4 d6 13. Ng3 Ng4 14. Qe1 Qh4 15. Nf5 Nf2+ 16. Kh2 Bxf5 17. exf5 exf4 18. Ne4 Ng4+ 19. Kh1 Qxe1 20. Rxe1 Nf2+ 21. Nxf2 Bxf2 22. Re4 Bg3 23. Bxf4 d5 24. Ra4 b5 25. Bxb5 axb5 26. Rxa8 Bxf4 27. Rxf8+ Kxf8 28. Rd1 d4 29. g4 Ke7 30. c3 Kd6 31. cxd4 Kd5 32. Kg2 Nxd4 33. Kf2 Kc4 34. b4 Nc2 35. Kf3 Bg5 36. Rd7 Nxa3 37. Rxf7 Bf6 38. h4 Kxb4 39. g5 hxg5 40. hxg5 Bxg5 41. Rxg7 Bf6 42. Rg6 Bd8 43. f6 Nc4 44. Ke4 Kc5 45. f7 Be7 46. Rg7 b4 47. Kf5 b3 48. Ke6 Bf8 49. Rg5+ Kc6 50. Rg3 b2 51. Rb3 Bc5 52. Kf5 Kd7 53. Kg6 Bf8 54. Kh7 1/2-1/2